Sesto contributo alla storia degli studi classici e del mondo antico

সংরক্ষণ করুন:
গ্রন্থ-পঞ্জীর বিবরন
প্রধান লেখক: Momigliano, Arnaldo (autor)
বিন্যাস: গ্রন্থ
ভাষা:ইতালিয়
প্রকাশিত: Roma Storia e Letteratura 1980
মালা:Storia e Letteratura, 149, 150
বিষয়গুলি:
ট্যাগগুলো: ট্যাগ যুক্ত করুন
কোনো ট্যাগ নেই, প্রথমজন হিসাবে ট্যাগ করুন!

MARC

LEADER 00000nam a2200000 a 4500
001 UCP8788
003 CL-VaPUC
008 000310e19800000IT |||||||||||||||||ita|d
082 0 4 |a 930.0072  |b MOM  |2 21 
100 |a Momigliano, Arnaldo  |e autor  |9 593300 
245 1 0 |a Sesto contributo alla storia degli studi classici e del mondo antico 
300 |a 2 v 
942 |c BK 
945 |d 20000310 00:00:00  |a rherrera 
260 |a Roma  |b Storia e Letteratura  |c 1980 
500 |a v.1: Storia della Storiografia e Metodo Storico 
500 |a v.2: Vita Intellettuale e Sociale 
650 0 |a Historia antigua  |9 267521 
650 0 |a Historiografía   |9 257871 
650 7 |a METODO HISTORICO  |2 CL-VaPUC  |9 335553 
650 0 |a Crítica e interpretación   |9 255042 
650 0 |a Cultura y sociedad  |9 367502 
583 |a last modification  |c 20000310 00:00:00  |k Rodrigo Vera 
490 0 |a Storia e Letteratura, 149, 150 
999 |c 285674  |d 285672 
952 |0 0  |1 0  |4 0  |6 930_007200000000000_MOM_1980  |7 0  |8 A  |9 330429  |a BIBHIS  |b BIBHIS  |d 2019-11-20  |h v.1  |i 1394509  |o 930.0072 MOM 1980  |p 1394509  |r 2025-01-20  |w 2019-11-20  |y BK  |k HIS 
952 |0 0  |1 0  |4 0  |6 930_007200000000000_MOM_1980  |7 0  |8 A  |9 330430  |a BIBHIS  |b BIBHIS  |d 2019-11-20  |h v.2  |i 1394517  |o 930.0072 MOM 1980  |p 1394517  |r 2025-01-20  |w 2019-11-20  |y BK  |k HIS